000 00764nam a22002417a 4500
003 UA-OsUOA
001 25723
007 ta
008 20040426b un ||||| |||| 00| 0 ukr d
090 _a378.14
_bО-75
942 _cBK
040 _aUA-OsUOA
_bukr
_cUA-OsUOA
_dUA-OsUOA
245 _aОснови організації та методики викладання у вищій школі
_bНавч.-метод. посібник
_cВ.Т.Білоус Л.І.Горюнова А.В.Цимбалюк С.Я.Цимбалюк
300 _a146 с.
955 _a0
041 _aukr
080 _a378.14
020 _a966-7257-63-0
260 _aІрпінь
_bАкадемія ДПС України
_c2001
044 _aUA
650 7 _2UDC
999 _c312023
_d312023